Femme ... la mandoline by Pablo Picasso (Record no. 10401)
[ view plain ]
| 000 - LÍDER | |
|---|---|
| campo de control de longitud fija | 00774nam a2200181Ia 4500 |
| 008 - ELEMENTOS DE DATOS DE LONGITUD FIJA - INFORMACIÓN GENERAL | |
| campo de control de longitud fija | 0000001988 usad 0000000000eng00 |
| 090 ## - NÚMERO DE LLAMADA DE TIPO LC LOCALMENTE ASIGNADO (OCLC) | |
| Número de clasificación (OCLC) (R) | PSP29 C37f |
| 245 10 - TÍTULO DECLARACIÓN | |
| Título | Femme ... la mandoline by Pablo Picasso |
| Resto del título | : property of Hester Diamond |
| Declaración de responsabilidad | / Christie's |
| 260 ## - PUBLICACIÓN, DISTRIBUCIÓN | |
| Lugar de publicación | New York : Christie's |
| Fecha de publicación | 1988 |
| 300 ## - DESCRIPCIÓN FÍSICA | |
| Alcance | 25 p. |
| Dimensiones | / 25 cm. |
| 500 ## - NOTA GENERAL | |
| Nota general | Exposición realizada en Christie's, New York, noviembre 15 de 1988 \ Registro auspiciado por la FGAA. Bogotá |
| 501 ## - Con nota | |
| Con nota | The cubist revution Femme ... la mandoline Provenance |
| 600 00 - ENTRADA DE SUJETO AÑADIDO - NOMBRE PERSONAL | |
| Nombre de la persona | PICASSO, PABLO, 18811973/ |
| Subdivisión general | TRABAJOS PICTORICOS |
| 650 14 - ENTRADA DE SUJETO AÑADIDO - TÉRMINO TÓPICO | |
| Término tópico o elemento de entrada del nombre geográfico | ARTE CONTEMPORANEO ESPAÑOL SUBASTAS |
| 650 14 - ENTRADA DE SUJETO AÑADIDO - TÉRMINO TÓPICO | |
| Término tópico o elemento de entrada del nombre geográfico | ARTISTAS PLASTICOS ESPAÑOL SUBASTAS |
| 650 14 - ENTRADA DE SUJETO AÑADIDO - TÉRMINO TÓPICO | |
| Subdivisión general | CATALOGOS |
| 650 14 - ENTRADA DE SUJETO AÑADIDO - TÉRMINO TÓPICO | |
| Término tópico o elemento de entrada del nombre geográfico | PINTURA ESPAÑOLA SUBASTAS |
| Estado de retirada | Pérdida de estatus | Estado dañado | No para préstamo | Código de recogida | Ubicación permanente | Ubicación actual | Ubicación de las estanterías | Fecha de adquisición | Número de llamada completo | Código de barras | Fecha de la última vez que se vio | Número de copia | Precio efectivo desde | Tipo de artículo Koha |
|---|---|---|---|---|---|---|---|---|---|---|---|---|---|---|
| General | ArtNexus | ArtNexus | General | 06/09/2022 | P-SP-29 C37F | 10495 | 06/09/2022 | Ej.1 | 06/09/2022 | Libro |